[Event "National Elementary Championship"]
[Site "Columbus, Ohio, United States"]
[Date "2022.05.13"]
[Round "2.5"]
[White "Casares, Santiago"]
[Black "Vemparala, Nikash"]
[Result "0-1"]
[TimeControl "G/90;d5"]
[WhiteElo "2080"]
[BlackElo "2063"]

1. e4 {[%clk 01:30:00]} {[%emt 00:00:04]} e5 {[%clk 01:29:58]} 2. Nf3 {[%clk
01:29:56]} {[%emt 00:00:06]} Nc6 {[%clk 01:29:58]} {[%emt 00:00:08]} 3. Bc4
{[%clk 01:29:55]} {[%emt 00:00:15]} Bc5 {[%clk 01:29:52]} 4. c3 {[%clk
01:29:52]} {[%emt 00:00:08]} Nf6 {[%clk 01:29:51]} {[%emt 00:00:04]} 5. d3
{[%clk 01:29:52]} {[%emt 00:00:10]} O-O {[%clk 01:29:47]} {[%emt 00:00:04]} 6.
O-O {[%clk 01:29:48]} {[%emt 00:00:10]} d6 {[%clk 01:29:47]} {[%emt 00:00:04]}
7. h3 {[%clk 01:29:47]} {[%emt 00:00:11]} a6 {[%clk 01:28:39]} {[%emt
00:01:04]} 8. a4 {[%clk 01:29:47]} {[%emt 00:00:24]} Ba7 {[%clk 01:28:36]} 9.
Re1 {[%clk 01:29:39]} {[%emt 00:00:06]} Kh8 {[%clk 01:27:36]} {[%emt 00:01:19]}
10. Bg5 {[%clk 01:28:59]} {[%emt 00:00:35]} h6 {[%clk 01:26:07]} {[%emt
00:01:25]} 11. Be3 {[%clk 01:24:37]} {[%emt 00:04:26]} Bxe3 {[%clk 01:22:30]}
{[%emt 00:03:43]} 12. fxe3 {[%clk 01:16:26]} {[%emt 00:08:33]} d5 {[%clk
01:19:28]} {[%emt 00:02:52]} 13. exd5 {[%clk 01:12:20]} {[%emt 00:04:25]} Nxd5
{[%clk 01:19:17]} {[%emt 00:00:08]} 14. Bxd5 {[%clk 01:02:02]} {[%emt
00:10:23]} Qxd5 {[%clk 01:19:10]} {[%emt 00:00:07]} 15. Na3 {[%clk 00:53:41]}
{[%emt 00:08:20]} e4 {[%clk 01:08:34]} {[%emt 00:10:42]} 16. dxe4 {[%clk
00:48:34]} {[%emt 00:05:14]} Qxe4 {[%clk 01:08:32]} {[%emt 00:00:07]} 17. Qc2
{[%clk 00:47:45]} {[%emt 00:00:52]} Re8 {[%clk 01:06:43]} {[%emt 00:02:14]} 18.
Nd4 {[%clk 00:44:49]} {[%emt 00:02:40]} Bd7 {[%clk 00:58:22]} {[%emt 00:08:27]}
19. Rad1 {[%clk 00:38:34]} {[%emt 00:06:22]} Qxc2 {[%clk 00:55:41]} {[%emt
00:02:55]} 20. Naxc2 {[%clk 00:37:11]} {[%emt 00:01:35]} Ne5 {[%clk 00:54:54]}
{[%emt 00:00:33]} 21. b3 {[%clk 00:32:39]} {[%emt 00:04:40]} c5 {[%clk
00:52:10]} {[%emt 00:02:55]} 22. Nf3 {[%clk 00:28:15]} {[%emt 00:04:20]} Nxf3+
{[%clk 00:51:52]} {[%emt 00:00:39]} 23. gxf3 {[%clk 00:28:13]} Bxh3 {[%clk
00:51:46]} {[%emt 00:00:07]} 24. e4 {[%clk 00:27:17]} {[%emt 00:01:05]} Rad8
{[%clk 00:50:43]} {[%emt 00:00:59]} 25. Ne3 {[%clk 00:26:41]} {[%emt 00:00:54]}
Be6 {[%clk 00:48:51]} {[%emt 00:01:49]} 26. c4 {[%clk 00:25:58]} {[%emt
00:00:48]} b5 {[%clk 00:47:35]} {[%emt 00:01:16]} 27. axb5 {[%clk 00:22:31]}
{[%emt 00:03:33]} axb5 {[%clk 00:47:33]} {[%emt 00:00:22]} 28. Nd5 {[%clk
00:22:01]} {[%emt 00:00:20]} bxc4 {[%clk 00:44:48]} {[%emt 00:02:49]} 29. bxc4
{[%clk 00:21:48]} {[%emt 00:00:23]} Rb8 {[%clk 00:43:26]} {[%emt 00:01:26]} 30.
Rb1 {[%clk 00:20:59]} {[%emt 00:00:51]} Red8 {[%clk 00:40:49]} {[%emt
00:02:42]} 31. Kf2 {[%clk 00:19:17]} {[%emt 00:01:47]} g5 {[%clk 00:39:03]}
{[%emt 00:01:51]} 32. Kg3 {[%clk 00:17:25]} {[%emt 00:01:57]} Kg7 {[%clk
00:38:35]} {[%emt 00:00:43]} 33. Rbd1 {[%clk 00:14:40]} {[%emt 00:02:39]} Rb2
{[%clk 00:36:56]} {[%emt 00:01:44]} 34. Rb1 {[%clk 00:13:55]} {[%emt 00:01:00]}
Rdb8 {[%clk 00:36:47]} {[%emt 00:00:05]} 35. Rxb2 {[%clk 00:13:31]} {[%emt
00:00:29]} Rxb2 {[%clk 00:36:47]} {[%emt 00:00:10]} 36. Rc1 {[%clk 00:11:30]}
{[%emt 00:02:06]} h5 {[%clk 00:35:49]} {[%emt 00:00:57]} 37. f4 {[%clk
00:10:27]} {[%emt 00:01:28]} h4+ {[%clk 00:34:33]} {[%emt 00:01:02]} 38. Kf3
{[%clk 00:10:27]} {[%emt 00:00:12]} g4+ {[%clk 00:34:33]} 39. Ke3 {[%clk
00:10:27]} h3 {[%clk 00:31:42]} {[%emt 00:02:55]} 40. f5 {[%clk 00:10:11]}
{[%emt 00:00:21]} Bxd5 {[%clk 00:21:05]} {[%emt 00:10:41]} 41. exd5 {[%clk
00:06:56]} {[%emt 00:03:20]} h2 {[%clk 00:18:41]} {[%emt 00:02:48]} 42. d6
{[%clk 00:02:07]} {[%emt 00:04:40]} g3 {[%clk 00:18:01]} {[%emt 00:00:43]} 43.
d7 {[%clk 00:01:01]} {[%emt 00:01:09]} g2 {[%clk 00:18:00]} {[%emt 00:00:08]}
44. d8=Q {[%clk 00:00:52]} {[%emt 00:00:14]} g1=Q+ {[%clk 00:17:58]} {[%emt
00:00:07]} 45. Kd3 {[%clk 00:00:19]} {[%emt 00:00:38]} Qg3+ {[%clk 00:17:32]}
{[%emt 00:00:28]} 46. Ke4 {[%clk 00:00:13]} {[%emt 00:00:14]} Re2+ {[%clk
00:17:26]} {[%emt 00:00:08]} 0-1

[Event "National Elementary Championship"]
[Site "Columbus, Ohio, United States"]
[Date "2022.05.13"]
[Round "2.6"]
[White "Shetty, Anshul"]
[Black "Moorhouse, Will"]
[Result "1-0"]
[TimeControl "G/90;d5"]
[WhiteElo "2035"]
[BlackElo "1740"]

1. e4 {[%clk 01:29:50]} e5 {[%clk 01:29:51]} {[%emt 00:00:27]} 2. Nf3 {[%clk
01:29:48]} Nc6 {[%clk 01:29:51]} {[%emt 00:00:16]} 3. d4 {[%clk 01:29:46]}
{[%emt 00:00:17]} exd4 {[%clk 01:29:36]} {[%emt 00:00:08]} 4. Nxd4 {[%clk
01:29:35]} {[%emt 00:00:04]} Bc5 {[%clk 01:28:56]} {[%emt 00:01:26]} 5. Nb3
{[%clk 01:29:30]} Bb6 {[%clk 01:28:52]} 6. Nc3 {[%clk 01:29:25]} d6 {[%clk
01:28:01]} {[%emt 00:00:43]} 7. Nd5 {[%clk 01:22:56]} {[%emt 00:06:31]} Nf6
{[%clk 01:26:20]} {[%emt 00:01:50]} 8. Nxb6 {[%clk 01:21:40]} {[%emt 00:01:21]}
axb6 {[%clk 01:26:02]} {[%emt 00:00:29]} 9. Bd3 {[%clk 01:20:33]} {[%emt
00:01:20]} h6 {[%clk 01:21:04]} {[%emt 00:04:48]} 10. O-O {[%clk 01:18:58]}
{[%emt 00:02:19]} O-O {[%clk 01:16:55]} {[%emt 00:03:37]} 11. c3 {[%clk
01:17:23]} {[%emt 00:01:35]} Re8 {[%clk 01:15:32]} {[%emt 00:01:28]} 12. Re1
{[%clk 01:15:50]} {[%emt 00:01:38]} d5 {[%clk 01:06:20]} {[%emt 00:09:23]} 13.
exd5 {[%clk 01:10:48]} {[%emt 00:05:01]} Rxe1+ {[%clk 01:05:54]} {[%emt
00:00:30]} 14. Qxe1 {[%clk 01:10:36]} {[%emt 00:00:18]} Qxd5 {[%clk 01:04:42]}
{[%emt 00:01:36]} 15. Qf1 {[%clk 01:06:36]} {[%emt 00:03:45]} Ne5 {[%clk
00:58:18]} {[%emt 00:06:28]} 16. Be2 {[%clk 00:59:48]} {[%emt 00:06:53]} Ng6
{[%clk 00:36:45]} {[%emt 00:21:38]} 17. Nd4 {[%clk 00:49:24]} {[%emt 00:10:28]}
c6 {[%clk 00:35:31]} {[%emt 00:01:19]} 18. Bc4 {[%clk 00:45:09]} {[%emt
00:04:24]} Qd8 {[%clk 00:33:42]} {[%emt 00:01:51]} 19. Be3 {[%clk 00:42:00]}
{[%emt 00:03:13]} b5 {[%clk 00:33:16]} {[%emt 00:00:42]} 20. Bb3 {[%clk
00:40:20]} {[%emt 00:01:34]} Nd5 {[%clk 00:26:54]} {[%emt 00:06:38]} 21. Qd3
{[%clk 00:32:57]} {[%emt 00:07:15]} Nge7 {[%clk 00:23:35]} {[%emt 00:03:34]} 22.
Rd1 {[%clk 00:30:30]} {[%emt 00:02:23]} Nxe3 {[%clk 00:21:27]} {[%emt
00:02:17]} 23. Qxe3 {[%clk 00:29:50]} {[%emt 00:00:59]} Qf8 {[%clk 00:21:12]}
{[%emt 00:00:08]} 24. h3 {[%clk 00:28:00]} {[%emt 00:01:53]} Nf5 {[%clk
00:20:20]} {[%emt 00:00:55]} 25. Qf3 {[%clk 00:19:12]} {[%emt 00:08:52]} Nxd4
{[%clk 00:20:18]} {[%emt 00:00:17]} 26. Rxd4 {[%clk 00:18:59]} {[%emt
00:00:06]} c5 {[%clk 00:18:14]} {[%emt 00:02:11]} 27. Qxf7+ {[%clk 00:14:38]}
{[%emt 00:04:32]} Qxf7 {[%clk 00:18:08]} {[%emt 00:00:07]} 28. Rd8+ {[%clk
00:14:36]} {[%emt 00:00:05]} Kh7 {[%clk 00:17:57]} {[%emt 00:00:30]} 29. Bxf7
{[%clk 00:14:33]} b6 {[%clk 00:17:21]} {[%emt 00:00:35]} 30. Bd5 {[%clk
00:14:20]} {[%emt 00:00:17]} Bb7 {[%clk 00:16:22]} {[%emt 00:01:04]} 31. Rxa8
{[%clk 00:14:13]} {[%emt 00:00:41]} Bxd5 {[%clk 00:16:22]} {[%emt 00:00:03]} 32.
Ra6 {[%clk 00:14:04]} b4 {[%clk 00:16:17]} {[%emt 00:00:03]} 33. cxb4 {[%clk
00:13:58]} {[%emt 00:00:05]} cxb4 {[%clk 00:16:11]} {[%emt 00:00:20]} 34. Rxb6
{[%clk 00:13:55]} {[%emt 00:00:04]} Bxa2 {[%clk 00:16:00]} {[%emt 00:00:16]} 35.
Rxb4 {[%clk 00:13:49]} {[%emt 00:00:08]} Bd5 {[%clk 00:16:00]} {[%emt
00:00:06]} 36. Rd4 {[%clk 00:13:36]} {[%emt 00:00:52]} Be6 {[%clk 00:15:59]} 37.
b4 {[%clk 00:13:34]} Bc8 {[%clk 00:15:59]} {[%emt 00:00:03]} 38. b5 {[%clk
00:13:30]} Bb7 {[%clk 00:15:59]} 39. b6 {[%clk 00:13:26]} {[%emt 00:00:03]} Bc6
{[%clk 00:15:55]} {[%emt 00:00:06]} 40. Rd7 {[%clk 00:12:54]} {[%emt 00:00:39]}
Bxd7 {[%clk 00:15:51]} 1-0

[Event "National Elementary Championship"]
[Site "Columbus, Ohio, United States"]
[Date "2022.05.13"]
[Round "2.7"]
[White "Meister, Xan"]
[Black "Levkov, Ilya"]
[Result "1/2-1/2"]
[TimeControl "G/90;d5"]
[WhiteElo "1743"]
[BlackElo "2011"]

1. d4 {[%clk 01:30:00]} {[%emt 01:54:56]} Nf6 {[%clk 01:28:47]} {[%emt
00:01:19]} 2. c4 {[%clk 01:29:48]} {[%emt 00:00:18]} g6 {[%clk 01:28:29]}
{[%emt 00:00:22]} 3. Nc3 {[%emt 00:00:46]} Bg7 {[%clk 01:28:18]} {[%emt
00:00:04]} 4. Nf3 {[%clk 01:29:08]} {[%emt 00:00:15]} O-O {[%clk 01:28:13]}
{[%emt 00:00:10]} 5. Bg5 {[%clk 01:28:07]} {[%emt 00:01:06]} d6 {[%clk
01:28:11]} {[%emt 00:00:07]} 6. e3 {[%clk 01:27:00]} {[%emt 00:01:11]} Nbd7
{[%clk 01:25:56]} {[%emt 00:02:21]} 7. Be2 {[%clk 01:24:42]} {[%emt 00:02:23]}
c6 {[%clk 01:24:25]} {[%emt 00:01:36]} 8. O-O {[%clk 01:22:07]} {[%emt
00:02:40]} Qc7 {[%clk 01:21:53]} {[%emt 00:02:38]} 9. Qc2 {[%clk 01:19:51]}
{[%emt 00:02:20]} e5 {[%clk 01:19:59]} {[%emt 00:02:00]} 10. Rfd1 {[%clk
01:16:13]} {[%emt 00:03:42]} a5 {[%clk 01:17:10]} {[%emt 00:02:54]} 11. a3
{[%clk 01:13:42]} {[%emt 00:02:36]} Re8 {[%clk 01:16:01]} {[%emt 00:01:14]} 12.
Rac1 {[%clk 01:11:17]} {[%emt 00:02:30]} exd4 {[%clk 01:12:46]} {[%emt
00:03:20]} 13. exd4 {[%clk 01:07:36]} {[%emt 00:03:46]} Nf8 {[%clk 01:08:52]}
{[%emt 00:03:59]} 14. d5 {[%clk 01:05:16]} {[%emt 00:02:25]} c5 {[%clk
01:01:09]} {[%emt 00:07:48]} 15. Nb5 {[%clk 01:03:33]} {[%emt 00:01:49]} Qb6
{[%clk 01:01:02]} {[%emt 00:00:12]} 16. Bf4 {[%clk 01:02:20]} {[%emt 00:01:14]}
Rd8 {[%clk 01:00:46]} {[%emt 00:00:23]} 17. Bd3 {[%clk 01:01:16]} {[%emt
00:01:10]} Nh5 {[%clk 01:00:01]} {[%emt 00:00:51]} 18. Bg5 {[%clk 00:59:54]}
{[%emt 00:01:24]} Bf6 {[%clk 00:53:32]} {[%emt 00:06:35]} 19. Re1 {[%clk
00:57:11]} {[%emt 00:02:47]} Bd7 {[%clk 00:52:10]} {[%emt 00:01:26]} 20. a4
{[%clk 00:55:22]} {[%emt 00:01:56]} Bxb5 {[%clk 00:48:11]} {[%emt 00:04:04]} 21.
axb5 {[%clk 00:54:41]} {[%emt 00:00:46]} Bxg5 {[%clk 00:46:13]} {[%emt
00:02:04]} 22. Nxg5 {[%clk 00:54:34]} {[%emt 00:00:12]} Re8 {[%clk 00:45:47]}
{[%emt 00:00:31]} 23. Ne4 {[%clk 00:53:40]} {[%emt 00:00:59]} Nd7 {[%clk
00:44:25]} {[%emt 00:01:27]} 24. Qd2 {[%clk 00:52:27]} {[%emt 00:01:16]} Nhf6
{[%clk 00:42:58]} {[%emt 00:01:34]} 25. Qf4 {[%clk 00:50:26]} {[%emt 00:02:05]}
Nxe4 {[%clk 00:42:13]} {[%emt 00:00:51]} 26. Rxe4 {[%clk 00:49:48]} {[%emt
00:00:43]} Ne5 {[%clk 00:37:38]} {[%emt 00:04:40]} 27. Rce1 {[%clk 00:48:37]}
{[%emt 00:01:10]} Qd8 {[%clk 00:28:24]} {[%emt 00:09:25]} 28. Qg3 {[%clk
00:47:16]} {[%emt 00:01:24]} Qd7 {[%clk 00:24:55]} {[%emt 00:03:36]} 29. f4
{[%clk 00:45:21]} {[%emt 00:01:59]} Nxd3 {[%clk 00:23:21]} {[%emt 00:01:40]} 30.
Qxd3 {[%clk 00:45:18]} {[%emt 00:00:07]} Rxe4 {[%clk 00:18:12]} {[%emt
00:05:15]} 31. Qxe4 {[%clk 00:45:08]} {[%emt 00:00:15]} Kf8 {[%clk 00:18:06]}
{[%emt 00:00:11]} 32. Qd3 {[%clk 00:43:04]} {[%emt 00:02:09]} Re8 {[%clk
00:17:08]} {[%emt 00:01:03]} 33. Rxe8+ {[%clk 00:42:30]} {[%emt 00:00:39]} Qxe8
{[%clk 00:16:46]} {[%emt 00:00:27]} 34. Kf2 {[%clk 00:39:24]} {[%emt 00:03:12]}
b6 {[%clk 00:16:34]} {[%emt 00:00:18]} 35. g3 {[%clk 00:38:43]} {[%emt
00:00:46]} Qe7 {[%clk 00:15:56]} {[%emt 00:00:43]} 36. Qc3 {[%clk 00:37:38]}
{[%emt 00:01:09]} Kg8 {[%clk 00:15:26]} {[%emt 00:00:35]} 37. Qe3 {[%clk
00:36:10]} {[%emt 00:01:32]} Qf6 {[%clk 00:13:34]} {[%emt 00:01:58]} 38. Qd2
{[%clk 00:35:49]} {[%emt 00:00:23]} Kf8 {[%clk 00:12:50]} {[%emt 00:00:51]} 39.
Kg2 {[%clk 00:35:17]} {[%emt 00:00:37]} Qe7 {[%clk 00:10:03]} {[%emt 00:02:52]}
40. Qc2 {[%clk 00:34:54]} {[%emt 00:00:28]} Qe3 {[%clk 00:09:17]} {[%emt
00:00:51]} 41. Kh1 {[%clk 00:34:22]} {[%emt 00:00:33]} Ke7 {[%clk 00:07:57]}
{[%emt 00:01:29]} 42. Kg2 {[%clk 00:33:52]} {[%emt 00:00:36]} Kf6 {[%clk
00:07:33]} {[%emt 00:00:28]} 43. Kh3 {[%clk 00:32:56]} {[%emt 00:01:29]} Qf3
{[%clk 00:05:10]} {[%emt 00:02:28]} 44. b3 {[%clk 00:32:14]} {[%emt 00:00:47]}
h6 {[%clk 00:04:25]} {[%emt 00:00:50]} 45. Qb2+ {[%clk 00:31:24]} {[%emt
00:00:55]} Kf5 {[%clk 00:04:02]} {[%emt 00:00:28]} 46. Qb1+ {[%clk 00:30:08]}
{[%emt 00:01:21]} Qe4 {[%clk 00:03:54]} {[%emt 00:00:13]} 47. Qd1 {[%clk
00:29:56]} {[%emt 00:00:17]} h5 {[%clk 00:02:45]} {[%emt 00:01:14]} 48. Kh4
{[%clk 00:28:40]} {[%emt 00:01:20]} f6 {[%clk 00:01:49]} {[%emt 00:01:02]} 49.
Qf1 {[%clk 00:28:33]} {[%emt 00:00:11]} g5+ {[%clk 00:01:11]} {[%emt 00:00:44]}
50. Kh3 {[%clk 00:28:16]} {[%emt 00:00:21]} g4+ {[%clk 00:01:11]} {[%emt
00:00:04]} 51. Kh4 {[%clk 00:28:09]} {[%emt 00:00:10]} Qc2 {[%clk 00:00:57]}
{[%emt 00:00:20]} 52. h3 {[%clk 00:27:47]} {[%emt 00:00:25]} Qxb3 {[%clk
00:00:54]} {[%emt 00:00:11]} 53. Qe2 {[%clk 00:27:31]} {[%emt 00:00:18]} Qf3
{[%clk 00:00:52]} {[%emt 00:00:09]} 54. Qe6+ {[%clk 00:27:26]} {[%emt
00:00:10]} Kg6 {[%clk 00:00:52]} {[%emt 00:00:01]} 55. Qg8+ {[%clk 00:27:20]}
{[%emt 00:00:07]} Kh6 {[%clk 00:00:40]} {[%emt 00:00:20]} 56. Qf8+ {[%clk
00:25:57]} {[%emt 00:01:27]} Kg6 {[%clk 00:00:37]} {[%emt 00:00:10]} 57. Qg8+
{[%clk 00:23:36]} {[%emt 00:02:26]} Kh6 {[%clk 00:00:37]} {[%emt 00:00:02]} 58.
Qh8+ {[%clk 00:23:06]} {[%emt 00:00:35]} Kg6 {[%clk 00:00:36]} 1/2-1/2

[Event "National Elementary Championship"]
[Site "Columbus, Ohio, United States"]
[Date "2022.05.13"]
[Round "2.8"]
[White "Xia, Ruoxiao"]
[Black "Murugan, Ayyappan"]
[Result "0-1"]
[TimeControl "G/90;d5"]
[WhiteElo "1999"]
[BlackElo "1691"]

1. d4 {[%clk 01:30:00]} {[%emt 00:10:50]} d5 {[%clk 01:29:58]} {[%emt
00:00:07]} 2. c4 {[%clk 01:30:00]} {[%emt 00:00:02]} e6 {[%clk 01:29:58]}
{[%emt 00:00:05]} 3. Nc3 {[%clk 01:30:00]} {[%emt 00:00:04]} Nf6 {[%clk
01:29:58]} {[%emt 00:00:05]} 4. cxd5 {[%clk 01:30:00]} {[%emt 00:00:03]} Nxd5
{[%clk 01:29:45]} {[%emt 00:00:17]} 5. e4 {[%clk 01:29:59]} {[%emt 00:00:07]}
Nxc3 {[%clk 01:29:18]} {[%emt 00:00:32]} 6. bxc3 {[%clk 01:29:59]} {[%emt
00:00:04]} c5 {[%clk 01:28:31]} {[%emt 00:00:53]} 7. Nf3 {[%clk 01:29:44]}
{[%emt 00:00:20]} Nc6 {[%clk 01:27:56]} {[%emt 00:00:39]} 8. Bd3 {[%clk
01:29:19]} {[%emt 00:00:30]} cxd4 {[%clk 01:26:21]} {[%emt 00:01:41]} 9. cxd4
{[%clk 01:27:45]} {[%emt 00:01:39]} Bb4+ {[%clk 01:26:16]} {[%emt 00:00:10]} 10.
Bd2 {[%clk 01:26:23]} {[%emt 00:01:27]} Bxd2+ {[%clk 01:24:40]} {[%emt
00:01:41]} 11. Qxd2 {[%clk 01:26:20]} {[%emt 00:00:07]} O-O {[%clk 01:21:25]}
{[%emt 00:03:20]} 12. Bc2 {[%clk 01:25:46]} {[%emt 00:00:39]} Qe7 {[%clk
01:13:28]} {[%emt 00:08:02]} 13. O-O {[%clk 01:25:12]} {[%emt 00:00:38]} Rd8
{[%clk 01:12:13]} {[%emt 00:01:19]} 14. Qe3 {[%clk 01:21:48]} {[%emt 00:03:27]}
b6 {[%clk 01:08:36]} {[%emt 00:03:45]} 15. Rad1 {[%clk 01:15:54]} {[%emt
00:05:58]} Bb7 {[%clk 01:04:45]} {[%emt 00:03:54]} 16. a3 {[%clk 01:08:34]}
{[%emt 00:07:29]} Rac8 {[%clk 01:00:57]} {[%emt 00:03:49]} 17. e5 {[%clk
00:59:40]} {[%emt 00:09:03]} Na5 {[%clk 00:53:45]} {[%emt 00:07:14]} 18. Qd3
{[%clk 00:59:23]} {[%emt 00:00:25]} g6 {[%clk 00:53:22]} {[%emt 00:00:28]} 19.
Nd2 {[%clk 00:58:07]} {[%emt 00:01:20]} Nc6 {[%clk 00:47:55]} {[%emt 00:04:57]}
20. Nf3 {[%clk 00:51:44]} {[%emt 00:07:03]} Nb8 {[%clk 00:46:27]} {[%emt
00:01:29]} 21. Ba4 {[%clk 00:23:23]} {[%emt 00:28:31]} Bxf3 {[%clk 00:44:04]}
{[%emt 00:02:28]} 22. gxf3 {[%clk 00:19:58]} {[%emt 00:03:29]} a6 {[%clk
00:41:02]} {[%emt 00:03:08]} 23. Qe3 {[%clk 00:13:20]} {[%emt 00:06:42]} Kg7
{[%clk 00:36:52]} {[%emt 00:04:14]} 24. Rd3 {[%clk 00:12:11]} {[%emt 00:01:12]}
b5 {[%clk 00:36:01]} {[%emt 00:00:59]} 25. Bb3 {[%clk 00:11:58]} {[%emt
00:00:17]} Nd7 {[%clk 00:28:53]} {[%emt 00:07:12]} 26. d5 {[%clk 00:09:41]}
{[%emt 00:02:24]} exd5 {[%clk 00:26:55]} {[%emt 00:02:04]} 27. Rxd5 {[%clk
00:08:45]} {[%emt 00:01:01]} Nc5 {[%clk 00:26:10]} {[%emt 00:00:49]} 28. f4
{[%clk 00:08:02]} {[%emt 00:00:48]} Nxb3 {[%clk 00:25:30]} {[%emt 00:00:45]} 29.
Qxb3 {[%clk 00:07:07]} {[%emt 00:01:00]} Qe6 {[%clk 00:25:11]} {[%emt
00:00:23]} 30. Rd3 {[%clk 00:04:46]} {[%emt 00:02:27]} Qxb3 {[%clk 00:25:07]}
{[%emt 00:00:09]} 31. Rxb3 {[%clk 00:04:35]} {[%emt 00:00:16]} Rd4 {[%clk
00:25:04]} {[%emt 00:00:08]} 32. Rf3 {[%clk 00:04:25]} {[%emt 00:00:15]} Rcc4
{[%clk 00:25:04]} {[%emt 00:00:06]} 33. f5 {[%clk 00:04:08]} {[%emt 00:00:22]}
Re4 {[%clk 00:22:58]} {[%emt 00:02:08]} 34. f6+ {[%clk 00:03:27]} {[%emt
00:00:49]} Kf8 {[%clk 00:22:16]} {[%emt 00:00:47]} 35. Rh3 {[%clk 00:02:07]}
{[%emt 00:01:24]} h5 {[%clk 00:22:09]} {[%emt 00:00:13]} 36. f4 {[%clk
00:01:53]} {[%emt 00:00:18]} Rxf4 {[%clk 00:21:56]} {[%emt 00:00:18]} 37. Rd1
{[%clk 00:01:19]} {[%emt 00:00:40]} Rfd4 {[%clk 00:21:44]} {[%emt 00:00:17]} 38.
Rhd3 {[%clk 00:00:59]} {[%emt 00:00:25]} Rxd3 {[%clk 00:21:20]} {[%emt
00:00:29]} 39. Rxd3 {[%clk 00:00:59]} {[%emt 00:00:02]} Ke8 {[%clk 00:21:18]}
{[%emt 00:00:08]} 40. Kf2 {[%clk 00:00:41]} {[%emt 00:00:23]} b4 {[%clk
00:20:23]} {[%emt 00:01:00]} 41. axb4 {[%clk 00:00:37]} {[%emt 00:00:08]} Rxb4
{[%clk 00:20:23]} {[%emt 00:00:04]} 42. Ra3 {[%clk 00:00:36]} {[%emt 00:00:06]}
Rb5 {[%clk 00:19:56]} {[%emt 00:00:32]} 43. Rxa6 {[%clk 00:00:26]} {[%emt
00:00:12]} Rxe5 {[%clk 00:19:56]} {[%emt 00:00:06]} 44. Kf3 {[%clk 00:00:15]}
{[%emt 00:00:16]} Re6 {[%clk 00:19:44]} {[%emt 00:00:18]} 45. Ra8+ {[%clk
00:00:08]} {[%emt 00:00:12]} Kd7 {[%clk 00:19:43]} {[%emt 00:00:06]} 46. Ra7+
{[%clk 00:00:08]} {[%emt 00:00:01]} Kd6 {[%clk 00:19:40]} {[%emt 00:00:08]} 47.
Rxf7 {[%clk 00:00:08]} {[%emt 00:00:02]} Ke5 {[%clk 00:19:25]} {[%emt
00:00:20]} 48. Kg3 {[%clk 00:00:08]} {[%emt 00:00:04]} Rxf6 {[%clk 00:19:04]}
{[%emt 00:00:26]} 49. Re7+ {[%clk 00:00:08]} {[%emt 00:00:02]} Kf5 {[%clk
00:19:04]} {[%emt 00:00:03]} 50. h4 {[%clk 00:00:08]} {[%emt 00:00:02]} Ra6
{[%emt 00:00:26]} 51. Rf7+ {[%clk 00:00:08]} Rf6 {[%clk 00:18:44]} {[%emt
00:00:05]} 52. Rxf6+ {[%clk 00:00:08]} {[%emt 00:00:02]} Kxf6 {[%clk 00:18:44]}
{[%emt 00:00:01]} 53. Kf4 {[%clk 00:00:08]} Kg7 {[%clk 00:18:41]} {[%emt
00:00:09]} 54. Ke5 {[%clk 00:00:04]} {[%emt 00:00:08]} Kf7 {[%clk 00:18:41]}
{[%emt 00:00:01]} 55. Ke4 {[%clk 00:00:04]} {[%emt 00:00:03]} Ke6 {[%clk
00:18:41]} {[%emt 00:00:04]} 56. Kf4 {[%clk 00:00:04]} Kf6 {[%clk 00:18:41]}
{[%emt 00:00:01]} 57. Ke4 {[%clk 00:00:04]} {[%emt 00:00:01]} g5 {[%clk
00:18:38]} {[%emt 00:00:08]} 58. hxg5+ {[%clk 00:00:04]} Kxg5 {[%clk 00:18:38]}
59. Kf3 {[%clk 00:00:04]} {[%emt 00:00:01]} Kh4 {[%clk 00:18:38]} {[%emt
00:00:01]} 60. Kg2 {[%clk 00:00:04]} {[%emt 00:00:01]} Kg4 {[%clk 00:18:38]} 61.
Kh2 {[%clk 00:00:04]} {[%emt 00:00:01]} h4 {[%clk 00:18:38]} {[%emt 00:00:03]}
62. Kg2 {[%clk 00:00:04]} h3+ {[%clk 00:18:38]} {[%emt 00:00:01]} 63. Kh2
{[%clk 00:00:04]} Kh4 {[%clk 00:18:38]} 64. Kg1 {[%clk 00:00:04]} {[%emt
00:00:02]} Kg3 {[%clk 00:18:38]} {[%emt 00:00:01]} 65. Kh1 {[%clk 00:00:00]}
0-1